[Event "5. Campeonato Iberoamericano 2014"]
[Site "Linares ESP"]
[Date "2014.07.22"]
[Round "1.24"]
[White "Sanchez, Jorge"]
[Black "Roselli Mailhe, Bernardo"]
[Result "0-1"]
[WhiteElo "2090"]
[BlackElo "2425"]
[PlyCount "138"]
[EventDate "2014.07.22"]
[EventType "swiss"]
[EventRounds "9"]
[EventCountry "ESP"]
[Source "lmi"]
[SourceDate "2014.07.22"]

1. e4 e6 2. d4 d5 3. Nd2 a6 4. Ngf3 c5 5. exd5 exd5 6. dxc5 Bxc5 7. Nb3 Ba7 8.
Bd3 Qe7+ 9. Be2 Nf6 10. O-O O-O 11. Bg5 Nc6 12. c3 Re8 13. Bd3 Bg4 14. h3 Bh5
15. g4 Bg6 16. Bxg6 hxg6 17. Nbd4 Qd6 18. Bxf6 gxf6 19. Re1 Re4 20. Kg2 Rd8 21.
Qd2 Ne5 22. Rad1 Bb6 23. Qh6 Qe7 24. Nd2 Rxe1 25. Rxe1 Qd6 26. N2b3 Nd3 27. Re3
Nf4+ 28. Kf3 Bc7 29. Nc1 Qd7 30. Nce2 Nxe2 31. Rxe2 Re8 32. Rxe8+ Qxe8 33. Qe3
Qe5 34. Ke2 Kg7 35. Nf3 Qe6 36. Nd4 Qd6 37. Kd3 Qd7 38. f4 Qa4 39. a3 Qd1+ 40.
Qd2 Qf1+ 41. Kc2 Qxh3 42. g5 fxg5 43. fxg5 Qg4 44. Ne2 Qf5+ 45. Kb3 Bd8 46.
Qd4+ Kg8 47. Nf4 Bxg5 48. Nxd5 Bd8 49. c4 Qe6 50. Nf4 Qb6+ 51. Qxb6 Bxb6 52.
Kc2 g5 53. Nd5 g4 54. Nf6+ Kg7 55. Nxg4 Bg1 56. b4 Kg6 57. Kd3 Kg5 58. Ne5 Kf6
59. Ke4 Ke6 60. Nf3 f5+ 61. Kf4 Ba7 62. a4 Bb8+ 63. Kg5 Be5 64. Nh4 Bf6+ 65.
Kh5 Bxh4 66. Kxh4 Ke5 67. Kg3 Kd4 68. c5 Kc4 69. b5 axb5 0-1

[Event "5. Campeonato Iberoamericano 2014"]
[Site "Linares ESP"]
[Date "2014.07.22"]
[Round "1.25"]
[White "Cori T., Deysi"]
[Black "Arroyo Rodriguez, Jesus"]
[Result "1-0"]
[WhiteElo "2414"]
[BlackElo "2067"]
[PlyCount "51"]
[EventDate "2014.07.22"]
[EventType "swiss"]
[EventRounds "9"]
[EventCountry "ESP"]
[Source "lmi"]
[SourceDate "2014.07.22"]

1. d4 Nf6 2. c4 d6 3. Nc3 e5 4. Bg5 exd4 5. Qxd4 Nc6 6. Qd2 h6 7. Bh4 g5 8. Bg3
Bf5 9. f3 Bg7 10. e4 Bg6 11. O-O-O Qe7 12. Nge2 a6 13. h4 b5 14. hxg5 hxg5 15.
Rxh8+ Bxh8 16. Qxg5 bxc4 17. Nf4 Ne5 18. Nxg6 Nxg6 19. Bxc4 Rb8 20. Bxa6 d5 21.
exd5 Qb4 22. Rd2 Nd7 23. Qe3+ Kf8 24. Bxc7 Re8 25. a3 Qb3 26. Bd6+ 1-0

[Event "5. Campeonato Iberoamericano 2014"]
[Site "Linares ESP"]
[Date "2014.07.23"]
[Round "2.1"]
[White "Camacho Collados, Marcos"]
[Black "Bachmann, Axel"]
[Result "0-1"]
[WhiteElo "2440"]
[BlackElo "2652"]
[PlyCount "60"]
[EventDate "2014.07.22"]
[EventType "swiss"]
[EventRounds "9"]
[EventCountry "ESP"]
[Source "lmi"]
[SourceDate "2014.07.22"]

1. d4 Nf6 2. Nf3 g6 3. Bg5 Bg7 4. Nbd2 O-O 5. e4 d5 6. Bd3 dxe4 7. Nxe4 Nxe4 8.
Bxe4 c5 9. Qd2 cxd4 10. O-O-O f6 11. Bh6 e5 12. Bxg7 Kxg7 13. h4 Nc6 14. h5 Qa5
15. c3 dxc3 16. bxc3 Rd8 17. Qc2 Be6 18. hxg6 hxg6 19. Rd2 Qa3+ 20. Kb1 Rac8
21. Rxd8 Rxd8 22. Ka1 Bf7 23. g4 Na5 24. Rb1 Rc8 25. g5 f5 26. Bxb7 Rxc3 27.
Qe2 Nb3+ 28. Rxb3 Rc1+ 29. Rb1 Qc3+ 30. Qb2 Rc2 0-1

[Event "5. Campeonato Iberoamericano 2014"]
[Site "Linares ESP"]
[Date "2014.07.23"]
[Round "2.2"]
[White "Roselli Mailhe, Bernardo"]
[Black "Cori, Jorge"]
[Result "0-1"]
[WhiteElo "2425"]
[BlackElo "2608"]
[PlyCount "112"]
[EventDate "2014.07.22"]
[EventType "swiss"]
[EventRounds "9"]
[EventCountry "ESP"]
[Source "lmi"]
[SourceDate "2014.07.22"]

1. d4 Nf6 2. c4 g6 3. Nc3 d5 4. Nf3 Bg7 5. Bf4 O-O 6. Rc1 c5 7. dxc5 dxc4 8. e4
Qa5 9. e5 Nh5 10. Be3 Rd8 11. Qa4 Qxa4 12. Nxa4 Nc6 13. Bxc4 Nxe5 14. Nxe5 Bxe5
15. O-O Bd7 16. Nc3 Bc6 17. Rcd1 Nf6 18. f3 a6 19. Rfe1 h5 20. Bf2 Bxc3 21.
bxc3 Rxd1 22. Rxd1 Kf8 23. Be3 Rc8 24. Kf2 Nd7 25. Bb3 Bb5 26. a4 Bc6 27. h3
Ke8 28. Bd4 e6 29. g4 hxg4 30. hxg4 Ke7 31. g5 a5 32. Re1 Re8 33. f4 Rb8 34.
Bc2 Bd5 35. Rb1 Rc8 36. Rb5 Ra8 37. Bd3 e5 38. fxe5 Bc6 39. Rb1 Rh8 40. Kg3 Rh5
41. Kg4 Nf8 42. e6 Nxe6 43. Bf6+ Kd7 44. Bc4 Kc8 45. Bxe6+ fxe6 46. c4 Rh2 47.
Bc3 Rc2 48. Bxa5 Rxc4+ 49. Kg3 Rxc5 50. Bd2 Bxa4 51. Kf4 Bc6 52. Re1 Rf5+ 53.
Kg4 e5 54. Be3 Rf3 55. Bb6 e4 56. Rd1 Bd7+ 0-1

[Event "5. Campeonato Iberoamericano 2014"]
[Site "Linares ESP"]
[Date "2014.07.23"]
[Round "2.3"]
[White "Vazquez Igarza, Renier"]
[Black "Cori T., Deysi"]
[Result "1/2-1/2"]
[WhiteElo "2603"]
[BlackElo "2414"]
[PlyCount "94"]
[EventDate "2014.07.22"]
[EventType "swiss"]
[EventRounds "9"]
[EventCountry "ESP"]
[Source "lmi"]
[SourceDate "2014.07.22"]

1. d4 Nf6 2. c4 g6 3. Nc3 d5 4. Nf3 Bg7 5. e3 O-O 6. cxd5 Nxd5 7. Bc4 Nb6 8.
Bb3 Nc6 9. O-O Bd7 10. Qe2 Qc8 11. Bd2 Na5 12. Nd5 Nxd5 13. Bxd5 Bc6 14. e4 e6
15. Bxc6 Nxc6 16. Bc3 Qd7 17. Rfd1 Rfe8 18. Rac1 Rac8 19. Qc2 Bh6 20. Rb1 Bg7
21. h3 Rcd8 22. Rbc1 Bh6 23. Bd2 Bxd2 24. Qxd2 Qe7 25. Qc3 Rd7 26. d5 exd5 27.
exd5 Qd8 28. Qb3 Na5 29. Qa4 b6 30. Qf4 Rxd5 31. Rxd5 Qxd5 32. Rxc7 Nb7 33. Kh2
a5 34. Ng5 Nd8 35. f3 Qe5 36. Qxe5 Rxe5 37. Ne4 Ne6 38. Rb7 Nc5 39. Nxc5 bxc5
40. b3 a4 41. bxa4 Re2 42. a3 Re3 43. Rb5 Rxa3 44. a5 c4 45. Rc5 c3 46. a6 Rxa6
47. Rxc3 Ra8 1/2-1/2

[Event "5. Campeonato Iberoamericano 2014"]
[Site "Linares ESP"]
[Date "2014.07.23"]
[Round "2.4"]
[White "Vega Gutierrez, Sabrina"]
[Black "Korneev, Oleg"]
[Result "0-1"]
[WhiteElo "2400"]
[BlackElo "2594"]
[PlyCount "62"]
[EventDate "2014.07.22"]
[EventType "swiss"]
[EventRounds "9"]
[EventCountry "ESP"]
[Source "lmi"]
[SourceDate "2014.07.22"]

1. d4 d5 2. c4 e6 3. Nf3 Nf6 4. g3 dxc4 5. Bg2 Bb4+ 6. Bd2 a5 7. O-O O-O 8. Bg5
b5 9. Ne5 Ra7 10. a4 bxa4 11. Qxa4 Bb7 12. Bxb7 Rxb7 13. Nxc4 Qd5 14. Bxf6 gxf6
15. Nxa5 Bxa5 16. Qxa5 Qxd4 17. Nc3 Nc6 18. Qa4 Qxa4 19. Nxa4 Ra8 20. Nc5 Rxa1
21. Nxb7 Ra2 22. Rb1 Nd4 23. Kf1 Nb3 24. Ke1 Kf8 25. Kd1 Ra6 26. Kc2 Rb6 27.
Nd8 Ke7 28. Rd1 Nc5 29. Rd4 e5 30. Rc4 Na6 31. Nc6+ Rxc6 0-1

[Event "5. Campeonato Iberoamericano 2014"]
[Site "Linares ESP"]
[Date "2014.07.23"]
[Round "2.5"]
[White "Ortiz Suarez, Isan Reynaldo"]
[Black "Espinosa Aranda, Angel"]
[Result "1/2-1/2"]
[WhiteElo "2592"]
[BlackElo "2388"]
[PlyCount "80"]
[EventDate "2014.07.22"]
[EventType "swiss"]
[EventRounds "9"]
[EventCountry "ESP"]
[Source "lmi"]
[SourceDate "2014.07.22"]

1. e4 e6 2. d4 d5 3. Nd2 dxe4 4. Nxe4 Nd7 5. Nf3 Ngf6 6. Nxf6+ Nxf6 7. Be3 Be7
8. Bd3 O-O 9. Qe2 b6 10. O-O-O Bb7 11. Ne5 c5 12. dxc5 Qc7 13. c6 Bxc6 14. Bf4
Nd5 15. Bg3 Qc8 16. Kb1 Bb7 17. c4 Nf6 18. Bh4 Qc7 19. f4 Rad8 20. Rhe1 Qc5 21.
g4 Nd7 22. Bf2 Qc7 23. Bd4 Nxe5 24. Bxe5 Qc6 25. Qc2 h6 26. g5 hxg5 27. fxg5
Bxg5 28. Rg1 f6 29. Bc3 Qf3 30. Rg3 Qf4 31. Ka1 Be4 32. Bd2 Qf2 33. Bxe4 Rxd2
34. Bh7+ Kh8 35. Rxd2 Bxd2 36. Rh3 Be3 37. Rg3 Bg5 38. Bd3 Kg8 39. Bf5 Qxf5 40.
Kb1 Ra8 1/2-1/2

[Event "5. Campeonato Iberoamericano 2014"]
[Site "Linares ESP"]
[Date "2014.07.23"]
[Round "2.6"]
[White "Matnadze, Ana"]
[Black "Milos, Gilberto"]
[Result "0-1"]
[WhiteElo "2389"]
[BlackElo "2583"]
[PlyCount "114"]
[EventDate "2014.07.22"]
[EventType "swiss"]
[EventRounds "9"]
[EventCountry "ESP"]
[Source "lmi"]
[SourceDate "2014.07.22"]

1. d4 Nf6 2. c4 g6 3. Nf3 Bg7 4. g3 O-O 5. Bg2 d5 6. O-O dxc4 7. Nbd2 Nc6 8.
Nxc4 Be6 9. Nce5 Bd5 10. b3 Nxe5 11. dxe5 Ng4 12. Bb2 c6 13. Re1 Qb6 14. Qd4
Qxd4 15. Bxd4 Rfd8 16. Bc3 Nh6 17. Rad1 Bxf3 18. exf3 Kf8 19. f4 Ke8 20. Ba5
Rxd1 21. Rxd1 e6 22. b4 a6 23. Bb6 Bf8 24. a4 Bxb4 25. a5 Rc8 26. Rb1 Bf8 27.
Kf1 Nf5 28. Ke2 Ne7 29. Kd3 Nd5 30. h4 h5 31. Bf3 Kd7 32. Kc4 Nxb6+ 33. axb6 a5
34. Bd1 Bb4 35. Bb3 Ke7 36. Bc2 Rd8 37. Be4 Rd2 38. f3 Re2 39. Kd3 Rd2+ 40. Kc4
Kd7 41. Rg1 Re2 42. Rd1+ Kc8 43. Rg1 Re3 44. Rc1 Be1 45. Kc5 Bxg3 46. Kd6 Bxh4
47. Ra1 Kd8 48. Kc5 Be7+ 49. Kc4 Bb4 50. Rc1 Re2 51. Kb3 Kc8 52. Rg1 Bc5 53.
Rg5 Re3+ 54. Kc2 Bxb6 55. f5 exf5 56. e6 fxe4 57. Re5 fxe6 0-1

[Event "5. Campeonato Iberoamericano 2014"]
[Site "Linares ESP"]
[Date "2014.07.23"]
[Round "2.7"]
[White "Alsina Leal, Daniel"]
[Black "Fernandez Garcia, Jose Miguel"]
[Result "0-1"]
[WhiteElo "2550"]
[BlackElo "2353"]
[PlyCount "94"]
[EventDate "2014.07.22"]
[EventType "swiss"]
[EventRounds "9"]
[EventCountry "ESP"]
[Source "lmi"]
[SourceDate "2014.07.22"]

1. d4 d5 2. c4 e5 3. dxe5 d4 4. Nf3 Nc6 5. a3 Nge7 6. b4 Ng6 7. Bb2 a5 8. b5
Ncxe5 9. Nxe5 Nxe5 10. Qxd4 Qxd4 11. Bxd4 Nxc4 12. e3 Be6 13. Be2 Bd6 14. O-O
O-O 15. Rc1 Nb6 16. g3 Nd7 17. Nd2 Bd5 18. e4 Rfe8 19. exd5 Rxe2 20. Be3 Re8
21. Kf1 R8xe3 22. fxe3 Rxd2 23. Kg1 Ne5 24. Rf1 Bc5 25. h3 Bxe3+ 26. Kh1 Bc5
27. a4 b6 28. Rad1 Rxd1 29. Rxd1 Kf8 30. Kg2 Ke7 31. Kf1 Kd6 32. Ke2 Nc4 33.
Rf1 f6 34. Kd3 Kxd5 35. Rf4 Ne5+ 36. Kc3 Bb4+ 37. Kc2 Bd6 38. Rf1 Nd7 39. g4
Nc5 40. g5 Be5 41. gxf6 Bxf6 42. Rf4 Bd4 43. Rf7 Be5 44. h4 Nxa4 45. h5 h6 46.
Kb3 Nc3 47. Rd7+ Ke6 0-1

[Event "5. Campeonato Iberoamericano 2014"]
[Site "Linares ESP"]
[Date "2014.07.23"]
[Round "2.8"]
[White "Ladron De Guevara Pinto, Paolo"]
[Black "Forcen Esteban, Daniel"]
[Result "0-1"]
[WhiteElo "2355"]
[BlackElo "2535"]
[PlyCount "136"]
[EventDate "2014.07.22"]
[EventType "swiss"]
[EventRounds "9"]
[EventCountry "ESP"]
[Source "lmi"]
[SourceDate "2014.07.22"]

1. e4 c5 2. Nf3 d6 3. d4 Nf6 4. Nc3 cxd4 5. Nxd4 Nbd7 6. g3 Nb6 7. Bg2 e5 8.
Nde2 Be7 9. Bg5 Be6 10. O-O O-O 11. Bxf6 Bxf6 12. b3 a6 13. Qd3 Qd7 14. Rfd1
Rfd8 15. a4 g6 16. a5 Nc8 17. Nd5 Bg7 18. c4 f5 19. Nec3 Qf7 20. Ra2 Na7 21.
Bh3 Nc6 22. Ne2 Kh8 23. Qe3 Rf8 24. f3 Rae8 25. Bg2 Nd4 26. Nxd4 exd4 27. Qd3
Bxd5 28. cxd5 Rc8 29. Re2 Rc3 30. Qb1 fxe4 31. fxe4 Qc7 32. Ree1 Qxa5 33. Rf1
Rxf1+ 34. Rxf1 Qa3 35. Qd1 d3 36. Qg4 Qc5+ 37. Kh1 Qc8 38. Qg5 Qe8 39. b4 Rc2
40. e5 Bxe5 41. Be4 Rc3 42. Qd2 Rc7 43. Qxd3 Rf7 44. Rxf7 Qxf7 45. Kg2 Kg7 46.
h4 Qe7 47. Qf3 h5 48. Qd3 Qf6 49. Qc2 Bd4 50. Bf3 Bc3 51. Qe4 Qe5 52. Qxe5+
Bxe5 53. g4 Bc3 54. b5 a5 55. Bd1 hxg4 56. Kg3 Kf6 57. Kxg4 Ke5 58. Kg5 Be1 59.
Bc2 Kxd5 60. Bxg6 Kc5 61. Bd3 a4 62. h5 a3 63. Bb1 Kxb5 64. Kf5 Ka4 65. Ba2 b5
66. h6 b4 67. h7 Bc3 68. h8=Q Bxh8 0-1

[Event "5. Campeonato Iberoamericano 2014"]
[Site "Linares ESP"]
[Date "2014.07.23"]
[Round "2.9"]
[White "Alonso Rosell, Alvar"]
[Black "Almagro Mazariegos, Sebastian"]
[Result "1-0"]
[WhiteElo "2531"]
[BlackElo "2339"]
[PlyCount "88"]
[EventDate "2014.07.22"]
[EventType "swiss"]
[EventRounds "9"]
[EventCountry "ESP"]
[Source "lmi"]
[SourceDate "2014.07.22"]

1. d4 Nf6 2. Nf3 g6 3. c4 Bg7 4. Nc3 O-O 5. e4 d6 6. h3 e5 7. d5 Na6 8. Bg5 h6
9. Be3 Nc5 10. Nd2 a5 11. Be2 Bd7 12. b3 Nh7 13. O-O f5 14. f3 h5 15. a3 Bf6
16. b4 Na6 17. c5 f4 18. Bf2 Bh4 19. c6 Bc8 20. Qe1 Bxf2+ 21. Qxf2 g5 22. Nc4
b6 23. Nb5 axb4 24. axb4 g4 25. fxg4 hxg4 26. Bxg4 Bxg4 27. hxg4 Ng5 28. Qe1
Rf7 29. Ra4 Rh7 30. Nd2 Qc8 31. Qe2 Rh4 32. Rfa1 Rxg4 33. Nf3 Nxf3+ 34. Qxf3
Rg3 35. Qh5 f3 36. Kf2 Rxg2+ 37. Kxf3 Rg7 38. Rh1 Qf8+ 39. Ke2 Qf4 40. Qh8+ Kf7
41. Qh5+ Kg8 42. Qf3 Qg5 43. Raa1 Rf7 44. Rag1 Rg7 1-0

[Event "5. Campeonato Iberoamericano 2014"]
[Site "Linares ESP"]
[Date "2014.07.23"]
[Round "2.10"]
[White "Sos Andreu, Eric"]
[Black "Matamoros Franco, Carlos S"]
[Result "1-0"]
[WhiteElo "2345"]
[BlackElo "2525"]
[PlyCount "109"]
[EventDate "2014.07.22"]
[EventType "swiss"]
[EventRounds "9"]
[EventCountry "ESP"]
[Source "lmi"]
[SourceDate "2014.07.22"]

1. d4 Nf6 2. c4 c5 3. d5 b5 4. cxb5 a6 5. bxa6 g6 6. Nc3 Bg7 7. g3 d6 8. Bg2
O-O 9. Nf3 Nbd7 10. O-O Nb6 11. Re1 Bxa6 12. e4 Nfd7 13. Bf1 Bxf1 14. Kxf1 Nc4
15. Qe2 Nde5 16. Nxe5 Nxe5 17. f4 Nd7 18. Bd2 Qc7 19. b3 c4 20. b4 Nb6 21. Rec1
Rfc8 22. a4 Bxc3 23. Bxc3 Rxa4 24. Qe3 Rca8 25. Qd4 f6 26. Rxa4 Nxa4 27. Be1
Rc8 28. Bf2 c3 29. Kg1 Kf7 30. e5 dxe5 31. fxe5 Qxe5 32. Qa7 c2 33. Qxa4 Qb2
34. Be3 Rc3 35. Qa7 Rd3 36. Kf2 Rd1 37. d6 Rxc1 38. Qxe7+ Kg8 39. d7 Rd1 40.
d8=Q+ Rxd8 41. Qxd8+ Kf7 42. Qc7+ Ke8 43. Kf3 Qb1 44. Qc4 Qh1+ 45. Ke2 Qxh2+
46. Bf2 Qh5+ 47. g4 c1=N+ 48. Kd1 Qh1+ 49. Kc2 Na2 50. Qe6+ Kf8 51. Qxf6+ Ke8
52. Qe6+ Kf8 53. Bc5+ Kg7 54. Qe7+ Kh6 55. Be3+ 1-0

[Event "5. Campeonato Iberoamericano 2014"]
[Site "Linares ESP"]
[Date "2014.07.23"]
[Round "2.11"]
[White "Larrea, Manuel"]
[Black "Del Rio De Angelis, Salvador G"]
[Result "0-1"]
[WhiteElo "2333"]
[BlackElo "2520"]
[PlyCount "96"]
[EventDate "2014.07.22"]
[EventType "swiss"]
[EventRounds "9"]
[EventCountry "ESP"]
[Source "lmi"]
[SourceDate "2014.07.22"]

1. e4 e5 2. Nf3 Nc6 3. Bc4 g6 4. c3 d6 5. d4 Qe7 6. Bg5 Nf6 7. Nbd2 Bg7 8. O-O
O-O 9. Re1 h6 10. Bh4 Qe8 11. dxe5 dxe5 12. b4 Kh7 13. Qb3 Nh5 14. a4 f5 15.
exf5 gxf5 16. a5 e4 17. b5 Ne5 18. Nxe5 Qxe5 19. Re3 Nf6 20. f3 c6 21. Rae1
cxb5 22. Qxb5 Qxb5 23. Bxb5 Nd5 24. fxe4 Nxe3 25. Rxe3 a6 26. Ba4 fxe4 27. Nxe4
Bf5 28. Nd6 Bg6 29. Be7 Rfb8 30. Nc4 Rg8 31. Nb6 Rab8 32. Bb3 Rge8 33. Ba4 Rh8
34. h4 h5 35. g3 Bf5 36. Rf3 Kg6 37. Kf2 Bf8 38. Nd5 Be4 39. Nf4+ Kf5 40. Bd7+
Ke5 41. Bxf8 Bxf3 42. Bg7+ Kd6 43. Bf5 Bg4 44. Bxg4 hxg4 45. Bxh8 Rxh8 46. Nd3
Rf8+ 47. Nf4 Rf5 48. h5 Ke5 0-1

[Event "5. Campeonato Iberoamericano 2014"]
[Site "Linares ESP"]
[Date "2014.07.23"]
[Round "2.12"]
[White "Brito Garcia, Alfredo"]
[Black "Almagro Llamas, Pablo"]
[Result "1/2-1/2"]
[WhiteElo "2332"]
[BlackElo "2492"]
[PlyCount "159"]
[EventDate "2014.07.22"]
[EventType "swiss"]
[EventRounds "9"]
[EventCountry "ESP"]
[Source "lmi"]
[SourceDate "2014.07.22"]

1. d4 Nf6 2. c4 e6 3. Nf3 b6 4. g3 Ba6 5. Qc2 c5 6. Bg2 Nc6 7. dxc5 Bxc5 8. O-O
Rc8 9. Qa4 Bb7 10. Nc3 O-O 11. Qd1 Na5 12. b3 d5 13. cxd5 Bb4 14. Nb5 a6 15. a3
Be7 16. Na7 Rc5 17. Nc6 Nxc6 18. dxc6 Bxc6 19. Be3 Qxd1 20. Rfxd1 Rc3 21. Rac1
Nd5 22. Bxb6 Bxa3 23. Rxc3 Nxc3 24. Ra1 Bb2 25. Rxa6 Nxe2+ 26. Kh1 Nc1 27. Bc5
Rc8 28. b4 Nd3 29. Nd2 Bxg2+ 30. Kxg2 Bc3 31. Ne4 Bxb4 32. Bxb4 Nxb4 33. Ra7
Rf8 34. Nd6 g6 35. g4 h6 36. h4 g5 37. hxg5 hxg5 38. Kg3 Nd5 39. Ne4 f6 40. Nc5
Re8 41. Rd7 Nf4 42. Ne4 Rf8 43. Re7 Rf7 44. Rxf7 Kxf7 45. f3 Ke7 46. Kf2 Nd5
47. Ke2 Nb6 48. Kd3 Kf7 49. Kd4 Kg6 50. Nc5 Kf7 51. Ne4 Nd7 52. Nd6+ Kg6 53.
Ke4 Nc5+ 54. Kd4 Nb3+ 55. Ke4 Nc5+ 56. Kd4 Nd7 57. Ke4 Ne5 58. Ke3 Nf7 59. Nb5
f5 60. gxf5+ exf5 61. Nd4 Nd6 62. Ne2 Kf6 63. Kd4 f4 64. Kd5 Nf5 65. Nc3 Kg6
66. Ke5 Ng3 67. Nd5 Ne2 68. Ne7+ Kh5 69. Ng8 Kh4 70. Nf6 Kg3 71. Ne4+ Kh4 72.
Nf6 Nc1 73. Kf5 Nb3 74. Nd5 Nd4+ 75. Ke4 Ne2 76. Kf5 Nd4+ 77. Ke4 Kg3 78. Kxd4
Kxf3 79. Ke5 Kg3 80. Kf5 1/2-1/2

[Event "5. Campeonato Iberoamericano 2014"]
[Site "Linares ESP"]
[Date "2014.07.23"]
[Round "2.13"]
[White "Reinaldo Castineira, Roi"]
[Black "Gemy, Jose Daniel"]
[Result "0-1"]
[WhiteElo "2486"]
[BlackElo "2330"]
[PlyCount "102"]
[EventDate "2014.07.22"]
[EventType "swiss"]
[EventRounds "9"]
[EventCountry "ESP"]
[Source "lmi"]
[SourceDate "2014.07.22"]

1. d4 d5 2. c4 c6 3. Nf3 Nf6 4. e3 a6 5. Nc3 e6 6. Be2 b5 7. b3 Bb4 8. Bd2 Bxc3
9. Bxc3 Ne4 10. Rc1 Nxc3 11. Rxc3 O-O 12. O-O b4 13. Rc2 Nd7 14. a3 Rb8 15. Ra2
dxc4 16. Bxc4 c5 17. axb4 Rxb4 18. Bxa6 cxd4 19. Bxc8 Qxc8 20. Nxd4 Qb7 21. Ra4
Rb6 22. Qh5 e5 23. Nf5 g6 24. Rg4 Nf6 25. Qh6 Ne8 26. Rb1 Qd7 27. e4 Rxb3 28.
Re1 f6 29. h3 Ng7 30. Ne3 Ne6 31. Nd5 Qg7 32. Qc1 Nd4 33. Qc4 Kh8 34. Rg3 Rxg3
35. fxg3 Qa7 36. Kh2 h5 37. Rf1 Kg7 38. Qb4 Qd7 39. Qc5 Rf7 40. Qa5 Qc8 41. Qb6
Qe6 42. Qd8 Nc6 43. Qa8 Ra7 44. Nc7 Rxc7 45. Rc1 Qc8 46. Qa4 Nd4 47. Rf1 Qb7
48. Qe8 Qb5 49. Qd8 Rf7 50. Rf2 Ne6 51. Qc8 Qc5 0-1

[Event "5. Campeonato Iberoamericano 2014"]
[Site "Linares ESP"]
[Date "2014.07.23"]
[Round "2.14"]
[White "Gutierrez Olivares, Daniel"]
[Black "Escobar Forero, Alder"]
[Result "0-1"]
[WhiteElo "2331"]
[BlackElo "2460"]
[PlyCount "60"]
[EventDate "2014.07.22"]
[EventType "swiss"]
[EventRounds "9"]
[EventCountry "ESP"]
[Source "lmi"]
[SourceDate "2014.07.22"]

1. c4 Nf6 2. Nc3 d6 3. g3 g6 4. Bg2 Bg7 5. Nf3 O-O 6. O-O e5 7. d4 Nbd7 8. e3
c6 9. b3 Re8 10. a4 a5 11. Ba3 exd4 12. exd4 Nb6 13. Re1 Rxe1+ 14. Qxe1 Bf5 15.
Qe3 d5 16. Be7 Qe8 17. Re1 dxc4 18. bxc4 Nxc4 19. Qg5 h6 20. Qf4 Nd5 21. Nxd5
cxd5 22. Bc5 Qxa4 23. Nh4 Be6 24. Qc7 b6 25. Bxb6 Qb4 26. Rxe6 Qb1+ 27. Bf1
fxe6 28. Qc6 Nxb6 29. Qxe6+ Kh7 30. h3 Rf8 0-1

[Event "5. Campeonato Iberoamericano 2014"]
[Site "Linares ESP"]
[Date "2014.07.23"]
[Round "2.15"]
[White "Gonzalez Acosta, Bernal"]
[Black "Meneses Gonzalez, Kevin Moises"]
[Result "1-0"]
[WhiteElo "2458"]
[BlackElo "2316"]
[PlyCount "75"]
[EventDate "2014.07.22"]
[EventType "swiss"]
[EventRounds "9"]
[EventCountry "ESP"]
[Source "lmi"]
[SourceDate "2014.07.22"]

1. d4 Nf6 2. c4 g6 3. f3 Bg7 4. e4 d6 5. Ne2 O-O 6. Be3 a6 7. Nec3 c6 8. a4 a5
9. Na3 Na6 10. Be2 e5 11. d5 c5 12. g4 Ne8 13. Qd2 f5 14. gxf5 gxf5 15. Bg5 Bf6
16. Rg1 Kh8 17. O-O-O f4 18. Bxf6+ Nxf6 19. Nab5 Qe7 20. Rg5 Nxd5 21. h4 Nxc3
22. bxc3 Rf6 23. Nxd6 Bd7 24. Qd5 Bc6 25. Qxe5 Qxe5 26. Rxe5 Bxa4 27. Rd2 Bc6
28. Re7 Raf8 29. h5 Rg8 30. e5 Rff8 31. Nf7+ Rxf7 32. Rxf7 Be8 33. Rxb7 Bxh5
34. Rd6 Rg6 35. Rd8+ Rg8 36. Rd5 Rb8 37. Rxb8+ Nxb8 38. Rd8+ 1-0

[Event "5. Campeonato Iberoamericano 2014"]
[Site "Linares ESP"]
[Date "2014.07.23"]
[Round "2.16"]
[White "Baules, Jorge"]
[Black "Pardo Simon, David"]
[Result "1/2-1/2"]
[WhiteElo "2317"]
[BlackElo "2457"]
[PlyCount "60"]
[EventDate "2014.07.22"]
[EventType "swiss"]
[EventRounds "9"]
[EventCountry "ESP"]
[Source "lmi"]
[SourceDate "2014.07.22"]

1. Nf3 g6 2. c4 Bg7 3. d4 d6 4. g3 Nf6 5. Bg2 O-O 6. O-O Nc6 7. Nc3 a6 8. d5
Na5 9. b3 c5 10. dxc6 Nxc6 11. Bb2 Ne4 12. Qc1 Nxc3 13. Bxc3 Qb6 14. Bxg7 Kxg7
15. Qc3+ f6 16. Rfd1 Bf5 17. Nd4 Nxd4 18. Rxd4 Rac8 19. Rad1 Rc7 20. g4 Bd7 21.
g5 Bc6 22. Bh3 Qc5 23. gxf6+ Rxf6 24. b4 Qe5 25. R1d2 b6 26. Qg3 a5 27. a3 axb4
28. axb4 Qxg3+ 29. hxg3 Ra7 30. Bg2 Bxg2 1/2-1/2

[Event "5. Campeonato Iberoamericano 2014"]
[Site "Linares ESP"]
[Date "2014.07.23"]
[Round "2.18"]
[White "Cernuda Orejas, Victor Manuel"]
[Black "Hoffman, Alejandro"]
[Result "0-1"]
[WhiteElo "1931"]
[BlackElo "2450"]
[PlyCount "130"]
[EventDate "2014.07.22"]
[EventType "swiss"]
[EventRounds "9"]
[EventCountry "ESP"]
[Source "lmi"]
[SourceDate "2014.07.22"]

1. d4 d5 2. g3 c6 3. Bg2 Nf6 4. Nf3 h6 5. c3 Bf5 6. Bf4 e6 7. Nbd2 Be7 8. O-O
O-O 9. Qb3 Qb6 10. Qxb6 axb6 11. Rfe1 Nbd7 12. Ne5 g5 13. Nxd7 Nxd7 14. Be3 b5
15. f3 Nb6 16. Bf2 b4 17. e4 Bh7 18. c4 Nxc4 19. Nxc4 dxc4 20. h4 Ra6 21. hxg5
hxg5 22. d5 cxd5 23. exd5 Bf6 24. Bc5 exd5 25. Bxb4 Bxb2 26. Rad1 c3 27. Rxd5
c2 28. Rxg5+ Bg6 29. f4 c1=Q 30. Rxc1 Bxc1 31. Bxb7 Rb6 32. Bxf8 Kxf8 33. Bd5
Rb5 34. Kf2 Bb2 35. a4 Bd4+ 36. Kf3 Rb2 37. f5 Bf6 38. fxg6 Bxg5 39. gxf7 Bd8
40. g4 Rb4 41. Be6 Rxa4 42. Kg3 Bg5 43. Kf3 Rf4+ 44. Kg3 Ke7 45. Ba2 Ra4 46.
Bd5 Rd4 47. Be6 Bh6 48. Ba2 Rd3+ 49. Kh4 Kf6 50. g5+ Bxg5+ 51. Kg4 Rd4+ 52. Kf3
Bh6 53. Kg3 Kg6 54. Bb1+ Kg5 55. Bh7 Rg4+ 56. Kh3 Bf8 57. Bg8 Bd6 58. f8=Q Bxf8
59. Be6 Ra4 60. Bd7 Ra3+ 61. Kg2 Bc5 62. Bc8 Kf4 63. Bb7 Ra2+ 64. Kf1 Be7 65.
Bc6 Kg3 0-1

[Event "5. Campeonato Iberoamericano 2014"]
[Site "Linares ESP"]
[Date "2014.07.23"]
[Round "2.19"]
[White "Anton Guijarro, David"]
[Black "Silva, Luis Neves Da"]
[Result "1-0"]
[WhiteElo "2631"]
[BlackElo "2218"]
[PlyCount "51"]
[EventDate "2014.07.22"]
[EventType "swiss"]
[EventRounds "9"]
[EventCountry "ESP"]
[Source "lmi"]
[SourceDate "2014.07.22"]

1. e4 c5 2. Nf3 d6 3. d4 cxd4 4. Nxd4 Nf6 5. Nc3 a6 6. Bg5 e6 7. Qf3 h6 8. Be3
Qc7 9. Bd3 Nc6 10. Qg3 b5 11. Nxc6 Qxc6 12. a3 Bb7 13. O-O g5 14. f3 Bg7 15. a4
b4 16. Ne2 Nh5 17. Qe1 Bxb2 18. Rb1 Bc3 19. Nxc3 bxc3 20. Rb6 Qc7 21. Qb1 Bc6
22. Qb4 O-O 23. Bxa6 Qd7 24. a5 Nf4 25. Rd1 Rfd8 26. Bxf4 1-0

[Event "5. Campeonato Iberoamericano 2014"]
[Site "Linares ESP"]
[Date "2014.07.23"]
[Round "2.20"]
[White "Ibarra Jerez, Jose Carlos"]
[Black "Spitzer Isbert, Ramon"]
[Result "1-0"]
[WhiteElo "2521"]
[BlackElo "2054"]
[PlyCount "49"]
[EventDate "2014.07.22"]
[EventType "swiss"]
[EventRounds "9"]
[EventCountry "ESP"]
[Source "lmi"]
[SourceDate "2014.07.22"]

1. e4 c5 2. Nf3 Nc6 3. Nc3 Nf6 4. Bb5 Nd4 5. e5 Nxb5 6. Nxb5 Nd5 7. Ng5 f5 8.
O-O Nc7 9. a4 Nxb5 10. axb5 e6 11. d3 Be7 12. Qh5+ g6 13. Qh6 Bf8 14. Qh3 Bg7
15. Nf3 Qc7 16. Bh6 Bxe5 17. b6 Qd6 18. Rxa7 Rb8 19. Nxe5 Qxe5 20. Qh4 d6 21.
Bf4 Qd5 22. Qf6 Rf8 23. Qg7 Rf7 24. Qg8+ Rf8 25. Qxh7 1-0